Macroeconomia/ (Registro nro. 7920)
[ vista simple ]
| 000 -LEADER | |
|---|---|
| fixed length control field | 01634nam a2200217Ia 4500 |
| 005 - FECHA Y HORA DE LA ÚLTIMA TRANSACCIÓN | |
| control field | 20241022183215.0 |
| 008 - FIXED-LENGTH DATA ELEMENTS--GENERAL INFORMATION | |
| fixed length control field | 230420s9999 xx 000 0 und d |
| 020 ## - INTERNATIONAL STANDARD BOOK NUMBER | |
| International Standard Book Number | 9684444419 |
| 040 ## - CATALOGING SOURCE | |
| Original cataloging agency | UPAN |
| Transcribing agency | Biblioteca San Vicente |
| Description conventions | RCAA2 |
| 041 ## - LANGUAGE CODE | |
| Language code of text/sound track or separate title | spa |
| 082 ## - DEWEY DECIMAL CLASSIFICATION NUMBER | |
| Classification number | 339 |
| Item number | P375m |
| año de publicación | 2001 |
| 100 ## - MAIN ENTRY--PERSONAL NAME | |
| Personal name | Parkin, Michael |
| Relator code | aut. |
| 245 #0 - TITLE STATEMENT | |
| Title | Macroeconomia/ |
| Remainder of title | Michael Parkin |
| 250 ## - EDITION STATEMENT | |
| Edition statement | 5ª ed. |
| 260 ## - PUBLICATION, DISTRIBUTION, ETC. (IMPRINT) | |
| Place of publication, distribution, etc | Mexico: |
| Name of publisher, distributor, etc | Pearson Addison Wesley, |
| Date of publication, distribution, etc | 2001 |
| 300 ## - PHYSICAL DESCRIPTION | |
| Extent | 600 p.: |
| Dimensions | 25 cm. |
| 505 ## - FORMATTED CONTENTS NOTE | |
| Formatted contents note | Parte 1. Introducciòn<br/>Capitulo 1. ¿Què es la economìa?<br/>Capitulo 2. Elaboraciòn y utilizaciòn de gràficas <br/>Capitulo 3. El problema econòmico <br/>Parte 2. Còmo funcionan los mercados<br/>Capitulo 4. Oferta y demanda<br/>Capitulo 5. Un primer vistazo a la macroeconomìa<br/>Capitulo 6. Mediciòn del PIB, crecimiento econòmico e inflaciòn <br/>Capitulo 7. Mediciòn del empleo y desempleo<br/>Capitulo 8. Oferta agregada y demanda agregada<br/>Capitulo 4. Oferta agregada y crecimiento econòmico<br/>Capitulo 9. La economìa en pleno empleo<br/>Capitulo 10. Capital, inversiòn y ahorro<br/>Capitulo 11. Crecimiento econòmico<br/>Parte 5. Demanda agregada e inflaciòn<br/>Capitulo 12. Multiplicadores del gasto<br/>Capitulo 13. Polìtica fiscal<br/>Capitulo 14. El dinero<br/>Capitulo 15. Polìtica monetaria<br/>Capitulo 16. Inflaciòn<br/>Parte 6. Problemas y polìticas de estabilizaciòn<br/>Capitulo 17. El ciclo econòmico<br/>Capitulo 18. Desafìos de la polìtica macroeconòmica<br/>Parte 7. La economìa global<br/>Capitulo 19. El comercio con el mundo <br/>Capitulo 20. Finanzas internacionales<br/> |
| 650 ## - SUBJECT ADDED ENTRY--TOPICAL TERM | |
| Source of heading or term | LEMB |
| Topical term or geographic name as entry element | Economìa |
| 700 ## - ADDED ENTRY--PERSONAL NAME | |
| Personal name | Esquivel, Gerardo |
| Relator code | col. |
| 942 ## - ADDED ENTRY ELEMENTS (KOHA) | |
| Koha item type | Libros |
| Source of classification or shelving scheme | Dewey Decimal Classification |
| Withdrawn status | Lost status | Source of classification or shelving scheme | Damaged status | Not for loan | Collection code | Home library | Current library | Date acquired | Total Checkouts | Full call number | Barcode | Date last seen | Price effective from | Koha item type |
|---|---|---|---|---|---|---|---|---|---|---|---|---|---|---|
| Dewey Decimal Classification | Colección General | Biblioteca UPAN San Vicente | Biblioteca UPAN San Vicente | 20/04/2023 | 339 P375m | 12000462 | 20/04/2023 | 20/04/2023 | Libros |